书目信息 |
| 题名: |
可持续的景观管理
|
|
| 作者: | 库克 , 范德詹登 著 ;申思 , 王西 译 | |
| 分册: | ||
| 出版信息: | 北京 电子工业出版社 2015.12 |
|
| 页数: | 222页, [8] 页图版 | |
| 开本: | 23cm | |
| 丛书名: | ||
| 单 册: | ||
| 中图分类: | TU986 | |
| 科图分类: | ||
| 主题词: | 景观--jing guan--环境管理 | |
| 电子资源: | ||
| ISBN: | 978-7-121-27630-9 | |
| 000 | 01504nam0 2200349 450 | |
| 001 | 0100195329 | |
| 005 | 20201118094315.50 | |
| 010 | @a978-7-121-27630-9@dCNY69.00 | |
| 100 | @a20160202d2015 em y0chiy50 ea | |
| 101 | 1 | @achi@ceng |
| 102 | @aCN@b110000 | |
| 105 | @aafk a 000yy | |
| 200 | 1 | @a可持续的景观管理@Ake chi xu de jing guan guan li@e设计、营造及维护@f(美) Thomas W. Cook, Ann Marie VanDerZanden著@F ( mei ) Thomas W. Cook, Ann Marie VanDerZanden zhu@g申思, 王西译@Gshen si , wang xi yi |
| 210 | @a北京@c电子工业出版社@d2015.12 | |
| 215 | @a222页, [8] 页图版@c图@d23cm | |
| 306 | @a由美国John Wiley & Sons, Inc.公司授权出版 | |
| 312 | @a英文题名取自版权页 | |
| 314 | @aCook规范汉译姓: 库克 VanDerZanden规范汉译姓: 范德詹登 | |
| 320 | @a有书目 (第215-222页) | |
| 330 | @a这是一本介绍运用可持续方法对景观进行管理的书, 内容包括可持续的定义、可持续的景观设计、可持续的建造、景观的改造以及土壤、树、灌木、灌溉系统、铺装、虫害等的可持续性管理。 | |
| 500 | 10 | @aSustainable landscae management : design, construction, and maintenance@mChinese |
| 517 | 1 | @a设计、营造及维护@Ashe ji 、 ying zao ji wei hu |
| 540 | @a可持续的景观管理 | |
| 606 | 0 | @a景观@Ajing guan@x环境管理 |
| 690 | @aTU986@v5 | |
| 701 | 1 | @a库克@Aku ke@g(Cook, Thomas W.)@4著 |
| 701 | 1 | @a范德詹登@Afan de zhan den@g(VanDerZanden, Ann Marie)@4著 |
| 702 | 0 | @a申思@Ashen si@4译 |
| 702 | 0 | @a王西@Awang xi@4译 |
| 801 | @aCN | |
| 901 | @a19 | |
| 905 | @a河南城建学院图书馆@b1274886-8@dTU986@eK841@f3 | |
| 可持续的景观管理:设计、营造及维护/(美) Thomas W. Cook, Ann Marie VanDerZanden著/申思, 王西译.-北京:电子工业出版社,2015.12 |
| 222页, [8] 页图版:图;23cm |
| ISBN 978-7-121-27630-9:CNY69.00 |
| 这是一本介绍运用可持续方法对景观进行管理的书, 内容包括可持续的定义、可持续的景观设计、可持续的建造、景观的改造以及土壤、树、灌木、灌溉系统、铺装、虫害等的可持续性管理。 |
| ● |
| 相关链接 |
|
|
|
正题名:可持续的景观管理
索取号:TU986/K841
 
预约/预借
| 序号 | 登录号 | 条形码 | 馆藏地/架位号 | 状态 | 备注 |
| 1 | 1274886 | 212748868 | 建筑库201/201建筑库 66排7列4层/ [索取号:TU986/K841] | 在馆 | |
| 2 | 1274887 | 212748875 | 建筑与城市规划学院资料室/201建筑库 98排2列2层/ [索取号:TU986/K841] | 在馆 | |
| 3 | 1274888 | 212748882 | 建筑与城市规划学院资料室/101建筑库 89排3列5层/ [索取号:TU986/K841] | 在馆 |